Missing Word: Three-Word Songs Quiz Stats

Quiz Updated Dec 22, 2014

Challenge
Share
Tweet
Embed
Score 0/24 Timer 04:00
1 Play Today
Song Title Missing Word % Correct
_____ to HeavenStairway
95.9%
Don't _____ Believin'Stop
95.8%
_____ Oughta KnowYou
88.6%
Strawberry _____ ForeverFields
87.9%
_____ to RunBorn
87.8%
Light My _____Fire
86.8%
_____ Me MaybeCall
86.1%
_____ This WayWalk
86.1%
I Will _____Survive
82.7%
Paint It, _____Black
80.9%
It's My _____Life
80.7%
Drunk in _____Love
79.1%
Song Title Missing Word % Correct
Moves Like _____Jagger
78.6%
Losing My _____Religion
77.4%
_____ It OffShake
75.5%
When _____ CryDoves
74.3%
_____ Me, RhondaHelp
69.3%
About a _____Girl
66.3%
Don't Be _____Cruel
63.9%
_____ In HerreHot
62.9%
Heart of _____Glass
62.5%
Last _____ NightFriday
60.1%
Seven _____ ArmyNation
57.8%
_____ of SoundSpeed
37%

Today's Daily Dose

You're not logged in!

Compare scores with friends on all Sporcle quizzes.
Sign Up with Email
OR
Log In

You Might Also Like...

Show Comments

Extras

Top Quizzes Today


Score Distribution

Your Account Isn't Verified!

In order to create a playlist on Sporcle, you need to verify the email address you used during registration. Go to your Sporcle Settings to finish the process.